Statistics for Letter A Geography

Click here to take the quiz!

General Stats

  • This quiz has been taken 57 times
  • The average score is 24 of 27

Answer Stats

HintAnswer% Correct
Capital of the NetherlandsAmsterdam
98%
Biggest continent in the worldAsia
98%
Biggest US stateAlaska
96%
Biggest jungle in the worldAmazon
96%
Where penguins liveAntarctica
96%
.......and BarbudaAntigua
96%
Second biggest country in South AmericaArgentina
96%
Where the Grand Canyon isArizona
96%
Province of CanadaAlberta
94%
Country in AfricaAlgeria
94%
Country that borders the DRC and NamibiaAngola
94%
Capital of TurkeyAnkara
94%
Biggest city in New ZealandAuckland
94%
Biggest country in OceaniaAustralia
94%
Named after Alex the GreatAlexandria
93%
Was invaded by the USSR in 1989Afghanistan
91%
Capital of ParaguayAsuncion
91%
Was unified with HungaryAustria
91%
City in Eastern ScotlandAberdeen
89%
Capital of JordanAmman
89%
It's flag has a two-headed bird on itAlbania
81%
Capital of NigeriaAbuja
80%
Where the Taj Mahal isAgra
78%
Has the busiest airport in the worldAtlanta
76%
Capital of KazakhstanAstana
74%
City in SyriaAleppo
72%
Capital of MadagascarAntananarivo
72%

Score Distribution

Percentile by Number Answered

Percent of People with Each Score

Your Score History

You have not taken this quiz